Guía y carpeta para actividades de biología 1 /
Guardado en:
| Autor Principal: | |
|---|---|
| Formato: | Libro |
| Publicado: |
Buenos Aires :
Huemul,
1978
|
| Edición: | 3a. ed. |
| Materias: | |
| Etiquetas: |
Agregar Etiqueta
Sin Etiquetas, Sea el primero en etiquetar este registro!
|
| LEADER | 00621nam a22001935a 4500 | ||
|---|---|---|---|
| 001 | CEM.cems015864 | ||
| 005 | 20111101171212.0 | ||
| 008 | 130507s1978##################000#0#####d | ||
| 003 | CEMS | ||
| 082 | 0 | 4 | |a 570 |
| 100 | 1 | |a Fernández Martínez, José | |
| 245 | 1 | 0 | |a Guía y carpeta para actividades de biología 1 / |c José Fernández Matínez y Sara Miguez de Fernández Martínez |
| 250 | |a 3a. ed. | ||
| 260 | |a Buenos Aires : |b Huemul, |c 1978 | ||
| 300 | |a 128 p. | ||
| 653 | |a Biología-actividades | ||
| 653 | |a Biología | ||
| 653 | |a Microscopio-partes | ||
| 859 | |a CEMS |b BIB. CEMS - Agricultura |h 570 |i F391a3 |p A12798.83 |t Ej.1 |v 1 |3 1 | ||
